BIBLIOTHÈQUE DE LA MAISON DU MEXIQUE

Logo 1 Logo 2

La teoría de la historia en México (notice nᵒ 11646)

détails MARC
000 -Sello discográfico
campo de control de longitud fija 01009nam a2200301 4500
005 - Identificación de versión
campo de control 20251016082405.0
035 ## - Otros números de control del sistema
Número de control del sistema 8146
099 ## - fechas locales
Tipo de ítem Koha LIBRO
100 ## - Datos de procesamiento general
Datos de procesamiento general 20040917d1974 m y1spay5003 ba
105 ## - Campo de datos codificados: Material textual, monográfico
Datos codificados de monografía y 001zy
200 1# - Título y mención de responsabilidad
Título propio La teoría de la historia en México
Designación general del material texto impreso
Otra información del título 1940-1973
Primer mención de responsabilidad Alvaro Matute
205 ## - Declaración de edición
Declaración de edición 1a ed
210 ## - Publicación, distribución, etc.
Lugar de publicación, distribución, etc. México
Nombre del editor, distribuidor, etc. Secretaría de Educación Pública
Fecha de publicación, distribución, etc. 1974
215 ## - Descripción física
Designación de material específico y extensión del ítem 207 p
Dimensiones 17 cm
327 0# - Nota de contenidos
Texto de la nota Textos de Alfonso Caso, José Gaos, Luis González y González, Edmundo O'Gorman, Ramón Iglesia, Jesús Reyes Heroles, Wenceslao Roces y Alfonso Teja Zabre
345 ## - Nota de información de adquisición
Fuente de adquisición/dirección de la suscripción [OBSOLETO] Donación
410 #1 - Series
Título SepSetentas
Número de volumen 126
607 ## - Nombre geográfico utilizado como tema
Elemento de entrada México
Subdivisión temática Historia
-- Historiografía
Número Koha 2003
660 ## - Código de área geográfica
Código MX
700 ## - Nombre personal - Responsabilidad primaria
Elemento de entrada Matute Aguirre
Parte del nombre distinta del elemento de entrada Alvaro
Fechas 1943-2017
Número Koha 489
801 #0 - Fuente de origen
Agencia cm
900 ## -
-- 1/7951
900 ## -
-- 7100419716\170904
942 ## - ELEMENTOS DE ENTRADA SECUNDARIOS (KOHA)
Tipo de ítem Koha Livre
996 ## -
-- MEX
-- 751145101
-- MMAG
-- 001797
-- 082 S479 V.126
-- 20200724LIV
Exemplaires
Estatus retirado Estado de daño Estado de pérdida Fecha de adquisición Biblioteca de origen Biblioteca actual Ubicación en estantería Código de barras Precio de reemplazo Signatura topográfica completa No para préstamo Tipo de ítem Koha Nota pública Nota no pública
      05/08/2025 Casa México Paris Casa México Paris   001797 05/08/2025 082 S479 V.126   Livre 20200724LIV 751145101